000 01188cam a2200349 i 4500
001 buildingengineer00merr
003 CaSfIA
005 20230525154759.0
007 cr||||
008 780601s1979 nyua b 001 0 eng
010 _a 78018245
040 _aDLC
_cDLC
_dMUQ
_dBTCTA
_dAU@
_dCaSfIA
020 _a0442249691
020 _a9780442249694
035 _a(OCoLC)4003505
050 0 0 _aTH846
_b.M47 1979
082 4 _a690
100 1 _aMerritt, Frederick S.
245 1 0 _aBuilding engineering and systems design /
_h[electronic resource]
_cFrederick S. Merritt.
260 _aNew York :
_bVan Nostrand Reinhold Co.,
_cc1979.
300 _ax, 678 p. :
_bill. ;
_c26 cm.
504 _aIncludes bibliographies and index.
530 _aAlso issued online.
650 0 _aBuilding.
650 0 _aSystems engineering.
650 6 _aConstruction.
650 6 _aSystématique (Informatique)
856 4 1 _uhttp://www.archive.org/details/buildingengineer00merr
_zFree eBook from the Internet Archive
856 4 2 _uhttp://www.openlibrary.org/books/OL4730118M
_zAdditional information and access via Open Library
029 1 _aNZ1
_b2721762
029 1 _aAU@
_b000001207790
999 _c18212
_d18212